Sikander Nama Barri (Record no. 1183)
[ view plain ]
| 000 -LEADER | |
|---|---|
| fixed length control field | 00611nam a2200253 a 4500 |
| 020 ## - INTERNATIONAL STANDARD BOOK NUMBER | |
| ISBN | |
| 082 00 - DEWEY DECIMAL CLASSIFICATION NUMBER | |
| Classification number | 891.51 |
| Author Cutter | NIZ1 |
| 100 ## - MAIN ENTRY--AUTHOR NAME | |
| Author name | Nizami Gunjvi, |
| 245 ## - TITLE STATEMENT | |
| Title | Sikander Nama Barri |
| 260 ## - PUBLICATION, DISTRIBUTION, ETC. (IMPRINT) | |
| Place of publication | Lucknow |
| Name of publisher | Naval Kishore |
| Year of publication | 1887 |
| 300 ## - PHYSICAL DESCRIPTION | |
| Number of Pages | 592p |
| 500 ## - GENERAL NOTE | |
| General note | includes index and biblioraphy |
| 505 2# - FORMATTED CONTENTS NOTE | |
| Formatted contents note | Index |
| 650 ## - SUBJECT ADDED ENTRY--TOPICAL TERM | |
| Topical Term | Persian Poetry-Hairat Badayuni |
| 650 ## - SUBJECT ADDED ENTRY--TOPICAL TERM | |
| Topical Term | Persian Poetry |
| 942 ## - ADDED ENTRY ELEMENTS (KOHA) | |
| Koha item type | Books |
| 700 1# - | |
| -- | Nizami Gunjvi, |
| Collection code | Home library | Current library | Date acquired | Cost, normal purchase price | Full call number | Accession Number | Koha item type |
|---|---|---|---|---|---|---|---|
| Henry Martyn Institute Library | Henry Martyn Institute Library | 06/01/2007 | 100.00 | 891.51 NIZ1 | 04463 | Books |
